00436 2200157 4500001002100000008004100021035002000062245008000082260003200162300001500194020001800209084001600227082001000243650001300253990001200266INLIS000000000000505 ind  a0010-0722000054 aUngkapan-Ungkapan Pilihan Dahsyat Pembangkit Kekuatan HidupcMustamir Pedak aYogyakarta:bGarailmuc2010 a204c20 cm a9786029554274 a153.8 MUS u a153.8 aMotivasi aDI.1873